Normal view
MARC view
Entry Personal Name
001 - CONTROL NUMBER
- control field: 27204
003 - CONTROL NUMBER IDENTIFIER
- control field: ARRUPE
005 - DATE AND TIME OF LATEST TRANSACTION
- control field: 20161102104527.0
008 - FIXED-LENGTH DATA ELEMENTS
- fixed length control field: 161102|| aca||aabn | a|a d
040 ## - CATALOGING SOURCE
- Original cataloging agency: ARRUPE
- Transcribing agency: ARRUPE
100 ## - HEADING--PERSONAL NAME
- Personal name: Aelred,
- Titles and other words associated with a name: of Rievaulx, Saint,
- Dates associated with a name: 1110-1167.
670 ## - SOURCE DATA FOUND
- Source citation: Work cat.: (ARRUPE)0: Squire, Aelred. 27203, Aelred of Rievaulx: ., 1969.